|
|
|
|
| LEADER |
00000cam a2200000 7i4500 |
| 001 |
0000169727 |
| 005 |
20131115.0 |
| 020 |
|
|
|a 9780746097755
|
| 090 |
0 |
0 |
|a 001
|b USB
|
| 100 |
1 |
|
|a Jones, Rob Lloyd
|
| 245 |
1 |
0 |
|a See inside :
|b famous buildings
|c Rob Lloyd Jones and Barry Ablett
|
| 260 |
|
|
|a London :
|b Usborne Publishing Ltd ,
|c 2008
|
| 300 |
|
|
|a 15p. :
|b ill. ;
|c 28cm.
|
| 490 |
0 |
|
|a An Usborne flap book
|
| 500 |
|
|
|a Play & Learn Library
|
| 650 |
0 |
0 |
|a Buildings
|x Juvenile literature
|
| 700 |
1 |
|
|a Ablett, Barry
|
| 999 |
|
|
|a 00289501
|b BUKU
|c JUNIOR REFERENCE
|e PERPUSTAKAAN KOMUNITI PETALING JAYA
|